Bienvenue à la E-Bibliothèque de l’UEH

Bénéficiez l'accès à des milliers de ressources en ligne

Lire, copier, écrire : (notice nᵒ 4195)

détails MARC
000 -LEADER
fixed length control field 02403 a2200313 4500
001 - CONTROL NUMBER
control field OB-editionscnrs-34883
003 - CONTROL NUMBER IDENTIFIER
control field FrMaCLE
005 - DATE AND TIME OF LATEST TRANSACTION
control field 20251214082614.0
007 - PHYSICAL DESCRIPTION FIXED FIELD--GENERAL INFORMATION
fixed length control field cu ||||||m||||
008 - FIXED-LENGTH DATA ELEMENTS--GENERAL INFORMATION
fixed length control field 201015e||||||||xx |||||s|||||||||0|fr|d
020 ## - INTERNATIONAL STANDARD BOOK NUMBER
International Standard Book Number 978-2-271-12837-9
024 7# - OTHER STANDARD IDENTIFIER
Standard number or code 10.4000/books.editionscnrs.34883
Source of number or code doi
040 ## - CATALOGING SOURCE
Original cataloging agency FR-FrMaCLE
041 ## - LANGUAGE CODE
Language code of text/sound track or separate title fra
100 1# - MAIN ENTRY--PERSONAL NAME
Personal name Decultot, Élisabeth
245 10 - TITLE STATEMENT
Title Lire, copier, écrire :
Remainder of title Les bibliothèques manuscrites et leurs usages au XVIIIe siècle /
Statement of responsibility, etc. Élisabeth Decultot.
260 ## - PUBLICATION, DISTRIBUTION, ETC.
Place of publication, distribution, etc. Paris :
Name of publisher, distributor, etc. CNRS Éditions,
Date of publication, distribution, etc. 2020.
300 ## - PHYSICAL DESCRIPTION
Extent 248 p.
500 ## - GENERAL NOTE
General note Ebook
520 ## - SUMMARY, ETC.
Summary, etc. L’histoire de la lecture fait désormais partie des domaines privilégiés de la recherche en sciences humaines. Or un aspect majeur de cette histoire est resté jusqu’ à ce jour peu exploré : la tradition des cahiers « d’extraits » - autrement dit l’art de constituer une bibliothèque choisie à partir de notes de lecture recopiées. Depuis la Renaissance, ces recueils d’extraits font office d’anthologies personnelles dans lesquelles le lecteur stocke, selon des règles plus ou moins précises, les expressions et les idées des auteurs consultés, constituant par là un butin de citations directement utiles à ses propres productions. Substituts commodes de bibliothèques plus vastes, ces recueils de notes ont exercé une influence cruciale sur la littérature européenne moderne. Le XVIIIe siècle joue un rôle ambigu dans l’histoire de cette pratique. D’un côté, il soumet l’art de l’extrait à une critique acérée. D’un autre, il continue à se livrer avec application à cet exercice. C’est donc l’exploration d’un paradoxe qu’entend engager le présent ouvrage, en analysant la tradition culturelle qui sous-tend la pratique de l’extrait et en étudiant les bibliothèques manuscrites de quelques écrivains caractéristiques (Shaftesbury, Montesquieu, Winckelmann, Lichtenberg, Hamann, Herder, Jean Paul, Heinse, Louis Sébastien Mercier).
540 ## - TERMS GOVERNING USE AND REPRODUCTION NOTE
Terms governing use and reproduction OpenEdition Books License
Uniform Resource Identifier <a href="https://www.openedition.org/12554">https://www.openedition.org/12554</a>
650 #4 - SUBJECT ADDED ENTRY--TOPICAL TERM
Topical term or geographic name entry element Literature
Topical term or geographic name entry element Europe
Topical term or geographic name entry element cahier d’extraits
Topical term or geographic name entry element histoire de la lecture
Topical term or geographic name entry element lecture
776 ## - ADDITIONAL PHYSICAL FORM ENTRY
International Standard Book Number 978-2-271-06148-5
856 4# - ELECTRONIC LOCATION AND ACCESS
Data provenance Decultot, Élisabeth
Uniform Resource Identifier <a href="https://books.openedition.org/editionscnrs/34883">https://books.openedition.org/editionscnrs/34883</a>
Link text Lire, copier, écrire

Pas d'exemplaire disponible.

Bibliothèque universitaire de l'UEH
Portail centralisé donnant accès au catalogue, aux ressources numériques et aux productions scientifiques de l’Université d’État d’Haïti.

Plateformes institutionnelles

  • Dépôt institutionnel UEH
  • Revues scientifiques UEH
  • GED institutionnelle
  • UEH enseignement à distance

Contact

  • Adresse : 21 Rue Rivière, Port-au-Prince
  • Email : bibliotheque@ueh.edu.ht
  • Téléphone : +509 22-45-68-43 / 22-45-68-44
  • Heures : Lundi–Vendredi 8h–16h
© 2026 UEH – E-Bibliothèque de l’Université d’État d’Haïti | À propos | Confidentialité | Conditions | Mentions légales | Accessibilité | Plan du site | Contact